| 000 | 01252cam a2200181 4500500 | ||
|---|---|---|---|
| 005 | 20260329005153.0 | ||
| 041 | _afre | ||
| 042 | _adc | ||
| 100 | 1 | 0 |
_aMassé, Emmanuel _eauthor |
| 245 | 0 | 0 | _aEconomic Analysis of the Benefits of Installing Particle Filters on New Diesel-Engine Vehicles |
| 260 | _c2005. | ||
| 500 | _a52 | ||
| 520 | _aDiesel engines emit particles into the atmosphere at the time of combustion. Inhalation of these particles leads to an increase in the incidence of cardio-respiratory diseases and reduces life expectancy. For some years now, several auto makers have developed technologies that limit particle emissions from diesel-engine vehicles. This study shows that the health benefits substantially outweigh the costs involved in the installation of particle filters on new vehicles. It would therefore be of benefit to society if it were made compulsory to equip all new vehicles with particle filters, with priority given to heavy trucks. | ||
| 690 | _acost benefit analysis | ||
| 690 | _aparticule filters | ||
| 786 | 0 | _nEconomie & prévision | o 167 | 1 | 2005-03-01 | p. 13-25 | 0249-4744 | |
| 856 | 4 | 1 | _uhttps://shs.cairn.info/journal-economie-et-prevision-1-2005-1-page-13?lang=en&redirect-ssocas=7080 |
| 999 |
_c1840950 _d1840950 |
||